[Event "HUN-ch Rapid 2020"]
[Site "Ajka"]
[Date "2020.07.19"]
[Round "11.16"]
[White "Udvardi, Zalan"]
[Black "Seres, Lajos"]
[Result "0-1"]
[WhiteElo "2222"]
[BlackElo "2418"]
[Annotator "TA"]
[PlyCount "80"]
[EventDate "2020.07.17"]
[EventType "rapid"]
[EventCountry "HUN"]
[SourceTitle "playchess.com"]
[Source "ChessBase"]
[SourceQuality "1"]

{[%evp 12,80,35,28,39,35,35,-7,13,13,0,-28,-18,-32,-39,-31,-24,-16,-32,-47,-33,-33,-16,-106,-25,-166,-145,-125,-137,-227,-177,-168,-162,-212,-176,-263,-265,-254,-260,-403,-370,-366,-349,-581,-519,-544,-554,-525,-515,-816,-814,-793,-882,-861,-877,-1108,-1100,-1108,-1103,-29978,-1425,-1307,-1106,-1903,-1028,-3336,-1954,-2366,-1364,-29987,-29988]} 1. e4 c5 2. Nc3 Nc6 3. g3 g6 4. Bg2 Bg7 5. d3 e6 6. Be3 Qa5 7. Nge2 Nd4 {B24: Closed Sicilian: 3 g3 sidelines.} 8. O-O Ne7 9. Nc1 O-O {The position is equal.} 10. Nb3 Qc7 {[#]} 11. Bxd4 $146 ({Predecessor:} 11. Bf4 e5 12. Bg5 f6 13. Bd2 d6 14. Nxd4 exd4 15. Ne2 Bg4 {½-½ (15) Speckner,R (2360)-Schoeneberg,M (2308) Germany 2008}) 11... cxd4 12. Ne2 e5 13. c3 dxc3 14. Nxc3 d6 15. Rc1 Qb6 16. Nd2 Qxb2 17. Nb3 (17. Nc4 $11 {remains equal.} Qb4 18. Qd2) 17... Be6 (17... Bd7 $17 18. Rc2 Qa3) 18. Nb5 (18. Rc2 $11 Qa3 19. Nb5) 18... Qxa2 $19 19. Nd2 Qa5 20. Nxd6 (20. Nc7 $17) 20... Qa6 $36 {[%mdl 2048] White is under strong pressure.} 21. N6c4 Rfd8 22. Qe2 Nc6 23. Ra1 (23. Nf3 $142) 23... Nd4 24. Qd1 Qc6 25. f4 (25. Ne3 $142) 25... exf4 26. gxf4 b5 27. Na5 $2 (27. e5 Bd5 28. Bxd5 Qxd5 29. Ne3) 27... Qb6 28. Kh1 Rac8 29. f5 gxf5 30. exf5 (30. Rg1 $142 f4 31. e5) 30... Nxf5 31. Be4 Ne3 {[%mdl 64] [#] Double Attack} 32. Qh5 Nxf1 33. Bxh7+ Kf8 34. Rxf1 Qxa5 35. Bg6 Rd7 (35... Qxd2 $142 36. Qf3 Rc2 37. Qg3 {[#]} Rxd3 $1 {[%mdl 512]} 38. Qb8+ Rd8 39. Rxf7+ Bxf7 40. Qxd8+ Qxd8 41. Bxc2 Qa8+ 42. Be4 Qxe4+ 43. Kg1 Bd4+ 44. Kf1 Bc4#) 36. Ne4 Bd5 37. h4 b4 {...Qa6 is the strong threat.} 38. Kh2 Qc7+ 39. Kh3 Bxe4 40. dxe4 Rd3+ {Accuracy: White = 36%, Black = 89%.} 0-1

[Event "HUN-ch Rapid 2020"]
[Site "Ajka"]
[Date "2020.07.19"]
[Round "11.17"]
[White "Egresi, Mate"]
[Black "Krstulovic, Alex"]
[Result "1/2-1/2"]
[WhiteElo "2362"]
[BlackElo "2338"]
[Annotator "TA"]
[PlyCount "82"]
[EventDate "2020.07.17"]
[EventType "rapid"]
[EventCountry "HUN"]
[SourceTitle "playchess.com"]
[Source "ChessBase"]
[SourceQuality "1"]

{[%evp 11,82,18,33,8,40,8,16,10,16,7,28,6,64,0,0,0,0,0,0,0,0,-1,0,0,0,0,0,0,3,0,0,0,0,0,0,0,0,-14,0,0,14,11,37,0,0,0,0,0,0,0,0,0,0,0,0,0,0,0,0,0,0,0,0,0,0,0,0,0,0,-12,0,0,0]} 1. d4 Nf6 2. c4 b6 3. Nf3 Bb7 4. g3 g6 5. Bg2 Bg7 6. O-O O-O 7. Bf4 {A50: Queen's Fianchetto Defence (1 d4 Nf6 2 c4 b6).} d6 8. Nc3 Ne4 9. Nxe4 Bxe4 10. Qd2 c5 11. Bh6 Nc6 (11... Nd7 $11) 12. Rfd1 {[#]} ({White should try} 12. Bxg7 $14 Kxg7 13. d5 Bxf3 14. Bxf3 (14. dxc6 Bxg2 15. Kxg2 Qe8 $15)) 12... Bxh6 $146 ({Predecessor:} 12... cxd4 13. Bxg7 Kxg7 14. Nxd4 Bxg2 15. Kxg2 Qd7 16. b3 Rac8 17. a3 Nxd4 18. Qxd4+ {½-½ (18) Winbush,J (1794)-De Smet,K (2243) ICCF email 2012}) 13. Qxh6 {[#] Threatening mate with Ng5!} Bxf3 $1 14. Bxf3 Nxd4 15. Bxa8 Qxa8 16. Rd2 Qe4 17. Qe3 Qxe3 18. fxe3 {[%mdl 4096] Endgame KRR-KRN} Nc6 19. e4 Ne5 20. b3 Kg7 21. Rf1 h5 22. h3 f6 23. Kg2 Nc6 24. Rf2 Nd4 25. e3 Ne6 26. h4 Rh8 27. Kh3 Nd8 {The position is equal.} 28. g4 Nf7 29. gxh5 Rxh5 {[#] Strongly threatening ...Ng5+.} 30. Kg3 Ne5 31. Rh2 Kf7 32. Rdg2 Nd3 33. Rd2 Ne5 34. Rdg2 Rh6 35. Rd2 Nc6 36. Kf4 Ke6 37. Rdg2 Ne5 38. Rd2 Rh5 39. Kg3 Nc6 40. Rhf2 Re5 41. Rf4 Rh5 {Accuracy: White = 87%, Black = 90%.} 1/2-1/2

[Event "HUN-ch Rapid 2020"]
[Site "Ajka"]
[Date "2020.07.19"]
[Round "11.18"]
[White "Buzas, Bertalan"]
[Black "Almasi, Zoltan"]
[Result "0-1"]
[WhiteElo "2258"]
[BlackElo "2687"]
[Annotator "TA"]
[PlyCount "110"]
[EventDate "2020.07.17"]
[EventType "rapid"]
[EventCountry "HUN"]
[SourceTitle "playchess.com"]
[Source "ChessBase"]
[SourceQuality "1"]

{[%evp 10,110,14,8,16,10,33,15,32,11,14,8,20,11,23,0,0,6,5,4,11,21,27,14,17,4,6,16,16,16,21,0,79,77,78,79,78,70,68,89,81,73,90,84,121,116,116,130,112,114,102,54,55,62,91,47,52,0,8,8,8,8,2,0,0,0,0,-5,0,-90,-92,-325,-364,-335,-329,-338,-344,-283,-275,-262,-259,-547,-544,-883,-876,-854,-446,-385,0,-847,-847,-726,-775,-514,-486,-1210,-1157,-1139,-1067,-905,-875,-29982,-29982]} 1. d4 Nf6 2. Nf3 e6 3. Bf4 c5 4. e3 Be7 5. h3 b6 6. c3 O-O $1 {The main line 6...0-0 scores better than 6...Bb7. A47: 1 d4 Nf6 2 Nf3 b6: Torre, London and Colle Systems.} 7. Nbd2 cxd4 8. exd4 d6 {The position is equal.} 9. Be2 Ba6 10. O-O {[#]} h6 $146 ({Predecessor:} 10... Bxe2 11. Qxe2 Nc6 12. Rfe1 Qd7 13. Rad1 b5 14. Nf1 Nd5 15. Bd2 Rab8 16. Ne3 Nxe3 17. fxe3 {½-½ (45) Le Roux,J (2538)-Delorme,A (2514) Chartres 2017}) 11. Re1 Re8 12. a4 Bxe2 13. Qxe2 Nc6 14. Nc4 {[%cal Bd2c4,Bc4e3,Be3g4][%mdl 32]} Rb8 15. Ne3 $36 {[%mdl 2048] White fights for an advantage.} Bf8 16. Qb5 Ne7 17. Ng4 {Threatening Nxf6+.} Nfd5 18. Bh2 Ng6 19. Ne3 Ndf4 20. h4 e5 (20... Qc8 $11) 21. dxe5 $16 dxe5 {[#]} 22. h5 $1 {[%mdl 512]} Nxh5 {[#]} 23. Rad1 $1 {[%cal Rd1d8]} Qc8 24. Nxe5 Nxe5 25. Bxe5 a6 26. Qd5 Ra8 27. g4 Qe6 28. Qxe6 ({Much weaker is} 28. gxh5 $6 Qxe5 29. Qxe5 Rxe5 $11) 28... Rxe6 29. Nd5 {And now Nc7 would win.} Rg6 30. f3 {Hoping for Kf1.} f5 $1 31. Rd4 fxg4 32. fxg4 Re8 {aiming for ...Bc5.} 33. Kh1 (33. Rde4 $14) 33... Rge6 {Strongly threatening ...Nf6.} (33... Nf6 {keeps more tension.} 34. Nxf6+ Rxf6 35. Rdd1 Rfe6 36. Bg3 g6) 34. gxh5 {Black must now prevent Rde4.} Rxe5 35. Rxe5 Rxe5 $11 {[%mdl 4096] Endgame KRB-KRN} 36. Nf4 Bc5 37. Rd8+ Kf7 38. Rd7+ Kf6 39. b4 (39. Kg2 $11) 39... Be3 $17 {Black continues to play with concentration.} 40. Nd5+ $2 (40. Nd3 $17 Rxh5+ 41. Kg2) 40... Ke6 $19 {[%mdl 64] Double Attack} 41. Rd8 Rxh5+ ({Not} 41... Rxd5 42. Re8+ Kf6 43. Rxe3 $17) 42. Kg2 Rxd5 {KRB-KR} 43. Re8+ Kf5 44. Rxe3 {KR-KR} g5 45. c4 $2 (45. Rf3+ {was called for.} Ke5 46. Re3+ Kf6 47. Rf3+ Ke5 48. Re3+ Kf6 49. Rf3+ Kg7 50. Re3) 45... Rd2+ 46. Kg3 Rc2 47. Rf3+ Ke5 48. Re3+ Kf5 $2 (48... Kf6 49. Rf3+ Kg7) 49. Rf3+ Kg6 50. Rd3 Rxc4 51. Rd6+ Kf5 52. Rxb6 (52. Rxh6 $142 Rxb4 53. a5 bxa5 54. Rxa6 Rb3+ 55. Kf2) 52... h5 53. b5 h4+ 54. Kf2 a5 55. Rc6 Rxc6 {Accuracy: White = 64%, Black = 88%.} 0-1

[Event "HUN-ch Rapid 2020"]
[Site "Ajka"]
[Date "2020.07.19"]
[Round "11.19"]
[White "Varga, Peter"]
[Black "Gombocz, Ferenc Jr."]
[Result "1/2-1/2"]
[WhiteElo "2371"]
[BlackElo "2209"]
[Annotator "TA"]
[PlyCount "80"]
[EventDate "2020.07.17"]
[EventType "rapid"]
[EventCountry "HUN"]
[SourceTitle "playchess.com"]
[Source "ChessBase"]
[SourceQuality "1"]

{[%evp 15,80,9,12,4,0,0,10,0,12,14,8,6,8,9,8,0,0,0,0,0,0,-44,0,0,0,0,0,0,0,-7,14,14,14,13,31,-21,-26,-20,-6,-17,-11,-8,-6,-7,-7,-18,2,0,0,-14,-2,-2,-5,-8,-6,-8,-8,-8,-8,-8,-8,-8,0,0,0,-18,0]} 1. d4 d5 2. c4 c6 3. Nf3 Nf6 4. e3 Bf5 5. Nc3 a6 6. Be2 h6 7. O-O e6 8. b3 Nbd7 9. Bb2 {D10: Slav Defence: 3 cxd5 (without early Nf3) and 3 Nc3.} Bd6 10. a4 {[#]} O-O $146 ({Predecessor:} 10... a5 11. Ba3 Bxa3 12. Rxa3 O-O 13. Qc1 Qe7 14. Qb2 b6 15. cxd5 exd5 16. Raa1 Ne4 {1-0 (37) Moen,A (2201)-Bull Jager,F Langesund 1999}) 11. Ba3 (11. c5 {is more complex.} Bc7 12. b4 e5 13. b5 Re8 14. b6) 11... Qe7 12. Bxd6 Qxd6 13. c5 Qe7 14. b4 e5 15. b5 axb5 (15... exd4 {seems wilder.} 16. exd4 Ne4 17. Rc1 axb5 18. axb5 Qf6) 16. axb5 Ne4 17. Nxe4 dxe4 18. Nd2 exd4 (18... Qg5 {keeps more tension.} 19. bxc6 bxc6 20. g3 exd4 21. Rxa8 Rxa8 22. exd4 Rd8) 19. exd4 e3 {[#] And now ...Rxa1 would win.} 20. Rxa8 Rxa8 21. Nc4 exf2+ 22. Rxf2 Bg6 23. bxc6 bxc6 24. Bf3 Rb8 25. Rf1 (25. Qd2 $14) 25... Nxc5 $11 {[#] Hoping for ...Bd3.} 26. Ne5 (26. Bxc6 $2 Bd3 $17) 26... Rb1 {The position is equal.} 27. Qe2 Rxf1+ 28. Kxf1 Ne6 29. Nxc6 Qa3 30. Kf2 Bd3 31. Qd2 Ng5 32. Ne5 Be4 33. h4 $132 {[%mdl 2048] White is not holding back} Nxf3 34. gxf3 Bd5 35. Qe3 Qb2+ 36. Kg3 Qb8 {...f6 is the strong threat.} 37. Qf4 Qb1 {aiming for ...Qg1+.} 38. Qe3 Qb8 39. Qf4 Qb1 {White must now prevent ...Qg1+.} 40. Qe3 Qb8 {A rather calm draw. Accuracy: White = 91%, Black = 96%.} 1/2-1/2

[Event "HUN-ch Rapid 2020"]
[Site "Ajka"]
[Date "2020.07.19"]
[Round "11.20"]
[White "Kiss, Pal"]
[Black "Havanecz, Bianka"]
[Result "1/2-1/2"]
[WhiteElo "2266"]
[BlackElo "2251"]
[Annotator "TA"]
[PlyCount "73"]
[EventDate "2020.07.17"]
[EventType "rapid"]
[EventCountry "HUN"]
[SourceTitle "playchess.com"]
[Source "ChessBase"]
[SourceQuality "1"]

{[%evp 20,73,0,-19,52,20,27,-17,8,0,4,0,9,0,24,2,18,8,20,10,20,27,56,17,92,87,85,43,29,24,115,110,106,72,102,98,103,103,126,110,100,68,80,75,65,14,50,9,9,0,0,0,0,0,0,0]} 1. d4 d5 2. c4 e6 3. Nf3 Nf6 4. g3 Be7 5. Bg2 O-O 6. O-O dxc4 7. Qc2 a6 8. Qxc4 b5 9. Qc2 Bb7 10. Bf4 Nc6 11. Rd1 Rc8 {E05: Open Catalan: 5 Nf3 Be7.} (11... Nb4 $1 $11 12. Qc1 Nbd5) 12. Nc3 Nb4 13. Qc1 (13. Qb3 {looks sharper.} Nbd5 14. Ne5 Nxc3 15. Qxc3 Bxg2 16. Kxg2 c5 17. dxc5 Nd5 18. Qf3) 13... Qe8 14. a3 Nbd5 15. Nxd5 Bxd5 16. b4 {[#]} Nd7 $146 ({Predecessor:} 16... Bd6 17. Ne5 Bxg2 18. Kxg2 Bxe5 19. dxe5 Nd5 20. Be3 f5 21. exf6 Rxf6 22. Bd4 Rh6 {1-0 (60) Kanarek,M (2505)-Kowalski,I (2328) Katowice 2017}) 17. Ne5 Bxg2 18. Kxg2 Nxe5 19. Bxe5 f6 20. Bf4 Bd6 21. Ra2 Ra8 (21... g5 $11 22. Be3 h5) 22. Bxd6 $16 cxd6 23. Qc7 d5 24. Qd6 Rf7 (24... Rc8 $11) 25. Rc2 Rd7 26. Qc6 Kf7 27. Rdc1 Qd8 28. e3 h6 29. h4 Raa7 30. Qc8 (30. a4 {with more complications.} Qb8 31. a5 e5 32. Qc3 exd4 33. Qxd4 Qe5 34. Rc5) 30... Qxc8 31. Rxc8 $14 {[%mdl 4096] Endgame KRR-KRR} Rdb7 32. R8c6 (32. Rh8 $14) 32... h5 33. Kf3 a5 {The position is equal.} 34. bxa5 Rxa5 35. Rc7+ Rxc7 36. Rxc7+ Kg6 37. Rb7 {Accuracy: White = 60%, Black = 61%.} 1/2-1/2

[Event "HUN-ch Rapid 2020"]
[Site "Ajka"]
[Date "2020.07.19"]
[Round "11.21"]
[White "Ongut, Tamas Gunes"]
[Black "Nemeth, Zoltan"]
[Result "1-0"]
[WhiteElo "2269"]
[BlackElo "2210"]
[Annotator "TA"]
[PlyCount "61"]
[EventDate "2020.07.17"]
[EventType "rapid"]
[EventCountry "HUN"]
[SourceTitle "playchess.com"]
[Source "ChessBase"]
[SourceQuality "1"]

{[%evp 26,61,20,0,43,27,50,39,37,44,104,106,120,124,132,87,190,179,326,352,469,53,42,-12,1101,1096,1110,1104,1104,1128,1118,1174,1249,1231,1438,1407,29990,29989]} 1. d4 Nf6 2. c4 e6 3. Nc3 Bb4 4. f3 d5 5. a3 Bxc3+ 6. bxc3 c5 7. cxd5 exd5 8. e3 O-O 9. Bd3 b6 10. Ne2 Ba6 11. O-O Bxd3 12. Qxd3 Re8 13. Ng3 Nc6 14. Bb2 Na5 {E49: Nimzo-Indian: Rubinstein: 5 Bd3 d5 6 a3 Bxc3+ 7 bxc3.} (14... c4 $5 {[%cal Rc4d3]} 15. Qd2 h5 $11) 15. Rae1 Qc7 16. e4 cxd4 {White is slightly better.} 17. cxd4 Qc4 (17... Nc4 $14 18. Bc1 b5) 18. Qd2 $16 {[#]} h6 $146 ({Predecessor:} 18... Qa2 19. Nf5 h6 20. Qf2 Kh7 21. e5 Ng8 22. Re2 Nc4 23. Bc1 Qb3 24. Qg3 g6 25. Nxh6 Nxh6 {1-0 (41) Herrera,J (2314)-Lora,J (2172) Tunja 2018}) 19. e5 Nh7 20. Nf5 Qa2 (20... Qc8 $16 {might work better.} 21. Qf4 Qe6) 21. Rf2 $18 Nc4 (21... Qc4 $142 22. Nd6 Qc6 23. Nxe8 Rxe8) 22. Qc3 Rac8 23. Bc1 $2 (23. f4 $18) 23... Qb1 $14 24. Nxg7 (24. Rc2 $14 Qb5 25. f4) 24... Kxg7 $4 {[%mdl 8192] [#] This move loses the game for Black.} (24... Nxe5 $11 25. Bd2 Nxf3+ 26. Qxf3 {[%mdl 64] Double Attack} Rxe1+ 27. Bxe1 Qxe1+ 28. Rf1 Ng5) 25. Bxh6+ $1 $18 {[%mdl 576] Discovered Attack} Kxh6 26. Rxb1 Kg7 27. f4 Kh8 28. Qf3 b5 29. f5 a6 30. Qh5 Nxa3 31. Rb3 {Accuracy: White = 66%, Black = 28%.} 1-0

[Event "HUN-ch Rapid 2020"]
[Site "Ajka"]
[Date "2020.07.19"]
[Round "11.23"]
[White "Gaal, Zsoka"]
[Black "Kovacs, Klara"]
[Result "1-0"]
[WhiteElo "2197"]
[BlackElo "2154"]
[Annotator "NA RC"]
[PlyCount "101"]
[EventDate "2020.07.17"]
[EventType "rapid"]
[EventCountry "HUN"]
[SourceTitle "playchess.com"]
[Source "ChessBase"]
[SourceQuality "1"]

{[%evp 17,63,20,24,15,13,9,29,26,60,52,62,38,39,41,43,37,37,25,35,27,39,41,75,79,74,76,120,113,210,207,207,210,213,241,314,316,421,413,765,716,1967,1598,1634,1643,1565,1509,1446,1255]} 1. Nf3 (1. d4 Nf6 2. c4 e6 3. Nf3 Bb4+ 4. Bd2 Qe7 5. g3 b6 6. Bg2 Bb7 7. O-O Bxd2 8. Qxd2 d6 9. Nc3 Ne4 10. Qc2 {E16: Queen's Indian: 4 g3 Bb7 5 Bg2 Bb4+.} Nxc3 11. Qxc3 Nd7 12. c5 {[#] Strongly threatening c6.White has an edge.} Bxf3 $146 ({Predecessor:} 12... Nf6 13. c6 Bc8 14. Rfe1 a5 15. e4 O-O 16. Qa3 Rd8 17. Bf1 Qf8 18. Rac1 {½-½ (45) Balta,M (2220)-Millstone,M (2463) ICCF email 2011}) 13. Bxf3 d5 {[%cal Rb6c5]} 14. e4 dxe4 $1 15. Bxe4 Rd8 16. b4 $36 {[%cal Bb2b4,Bb4b5,Bb5c6][%mdl 2080] White is more active.} O-O 17. Rad1 Nf6 18. Bc6 h5 19. Qa3 bxc5 20. b5 h4 21. Qxc5 Rd6 22. Qxa7 Rxc6 (22... Nd5 $16 {was worth a try.}) 23. bxc6 $18 Nd5 24. Rb1 Qd8 25. Rb3 hxg3 26. hxg3 ({Don't do} 26. fxg3 Qg5 $18) 26... f5 27. Rfb1 f4 (27... Kf7 $142 28. Rb8 Qg5 29. Rxf8+ Kxf8) 28. Rb8 {White is clearly winning.} Qg5 29. Qa3 Rxb8 30. Rxb8+ Kh7 31. Qd3+ g6 32. Qe4 {Accuracy: White = 100%, Black = 47%.}) 1... d5 2. d4 Nf6 3. c4 e6 4. Nc3 Be7 5. g3 O-O 6. Bg2 Nbd7 7. O-O dxc4 8. e4 c5 9. Be3 Ng4 10. Qe2 cxd4 11. Bxd4 e5 12. Be3 Nxe3 13. Qxe3 Re8 14. Qe2 Qc7 15. Rac1 Nb6 16. Rfd1 Bg4 17. h3 Bxf3 18. Bxf3 Bc5 19. Nd5 Nxd5 20. exd5 e4 21. d6 Bxd6 22. Bxe4 Bxg3 23. Rxc4 Bh2+ 24. Kh1 Qe5 25. Qf3 Rad8 26. Bd5 Rf8 27. Bxf7+ Kh8 28. Rxd8 Rxd8 29. Re4 Rd1+ 30. Qxd1 Qxe4+ 31. Kxh2 Qf4+ 32. Kg2 Qxf7 33. Qd8+ Qg8 34. Qd7 Qb8 35. h4 h6 36. Kf3 b6 37. Kg4 Qe5 38. Qc8+ Kh7 39. Qf5+ Qxf5+ 40. Kxf5 Kg8 41. Kg6 Kf8 42. f3 Kg8 43. f4 Kf8 44. f5 Kg8 45. h5 b5 46. b4 a6 47. a3 Kh8 48. f6 Kg8 49. fxg7 a5 50. bxa5 b4 51. a6 1-0

[Event "HUN-ch Rapid 2020"]
[Site "Ajka"]
[Date "2020.07.19"]
[Round "11.24"]
[White "Balint, Vilmos"]
[Black "Kovacsy, Barnabas"]
[Result "1-0"]
[WhiteElo "2140"]
[BlackElo "2201"]
[Annotator "NA RC"]
[PlyCount "57"]
[EventDate "2020.07.17"]
[EventType "rapid"]
[EventCountry "HUN"]
[SourceTitle "playchess.com"]
[Source "ChessBase"]
[SourceQuality "1"]

{[%evp 10,67,42,39,45,0,43,14,77,73,81,75,88,70,120,133,157,145,167,150,152,167,166,158,203,209,237,220,216,114,133,130,352,347,353,311,325,235,207,187,379,366,420,324,318,319,290,279,294,250,251,246,324,322,324,319,316,312,663,656]} 1. Nf3 (1. e4 e5 2. Nf3 Nc6 3. Bc4 Nf6 4. d3 h6 5. c3 d6 6. Nbd2 {[%cal Bb1d2,Bd2f1,Bf1e3][%mdl 32]} g5 {C55: Two Knights: 4 d3, 4 d4 exd4 5 e5 and Max Lange Attack.} 7. Nf1 Bg7 8. Ne3 O-O {[#]} (8... Ne7 $11) 9. h4 $146 ({Predecessor:} 9. h3 Ne7 10. Bb3 a5 11. g4 Ng6 12. Nf5 d5 13. Qe2 a4 14. Bc2 Re8 15. h4 Bxf5 16. gxf5 {1-0 (51) Popov,I (2636)-Christiansen,J (2597) Moscow 2019}) 9... g4 10. Nh2 $1 h5 11. f3 {[%cal Rf3g4]} Na5 12. Bb5 $1 a6 {[#]} 13. Ba4 $1 d5 14. fxg4 dxe4 15. g5 Nd5 {Black wants to play ...Nxe3.} 16. dxe4 Nf4 17. O-O f6 18. b4 {Black must now prevent gxf6.} b5 19. Qxd8 (19. gxf6 $18 Bxf6 20. Nd5 (20. bxa5 bxa4 21. Nd5 Nxd5 $16) 20... Bxh4 21. Nxf4 (21. bxa5 bxa4 22. Bxf4 exf4 $16) (21. Bxf4 exf4 22. Qxh5 Qg5 $16) 21... exf4 22. Rxf4 (22. bxa5 bxa4 23. Qe2 Be6 $16) (22. Qxh5 Qg5 $16) 22... Rxf4 23. Bxf4 Qxd1+ 24. Bxd1) 19... Rxd8 20. Bd1 Nb7 $2 {A mistake that costs the game.} (20... Nc4 $16 {might work better.}) 21. gxf6 $18 Bxf6 22. g3 Bh3 23. Rf3 {[%mdl 64] Pin} ({Don't do} 23. gxf4 Bxf1 24. Kxf1 Nd6) 23... Kh7 24. Ba3 Rg8 $2 (24... Rd3 {was called for.} 25. Nd5 (25. gxf4 Rg8+ 26. Kh1 Rxe3 $16 {[%mdl 64] Remove Defender}) 25... Rxd5 26. exd5 Rg8) 25. Kh1 Bg4 26. Nhxg4 hxg4 27. Rf1 {[%mdl 64] Pin} Nh5 28. Kg2 Nd6 29. Nf5 ({Less strong is} 29. Bxg4 Nc4 $16) 29... Rad8 {[#]} 30. Bb3 $1 Rgf8 {Threatening ...Nxf5.} 31. Nxd6 Rxd6 32. Rad1 Rfd8 33. Rxd6 cxd6 $2 (33... Rxd6 34. Bf7 Ng7) 34. Bf7 {Accuracy: White = 76%, Black = 52%.}) 1... Nf6 2. g3 g6 3. Bg2 Bg7 4. O-O O-O 5. c4 c6 6. d4 d5 7. b3 Ne4 8. Bb2 Bf5 9. Nh4 Bd7 10. Nc3 Nxc3 11. Bxc3 dxc4 12. bxc4 Qc7 13. Rb1 Na6 14. Qb3 Rab8 15. Rfe1 b5 16. e3 b4 17. Bb2 Qa5 18. Nf3 Rfd8 19. h4 Bf5 20. e4 Bg4 21. e5 Nc7 22. Ng5 h6 23. Ne4 Ne6 24. d5 Nc5 25. Nxc5 Qxc5 26. dxc6 Bf5 27. Rbd1 Rxd1 28. Rxd1 Bxe5 29. Rd5 1-0

[Event "HUN-ch Rapid 2020"]
[Site "Ajka"]
[Date "2020.07.19"]
[Round "11.25"]
[White "Csati, Oliver"]
[Black "Lehocz, Jozsef"]
[Result "0-1"]
[WhiteElo "2256"]
[BlackElo "1959"]
[Annotator "TA"]
[PlyCount "104"]
[EventDate "2020.07.17"]
[EventType "rapid"]
[EventCountry "HUN"]
[SourceTitle "playchess.com"]
[Source "ChessBase"]
[SourceQuality "1"]

{[%evp 9,104,42,36,38,37,37,45,27,35,35,39,48,58,70,70,51,106,110,105,107,112,79,91,86,125,30,43,-9,27,21,19,22,30,-31,105,95,86,97,102,0,0,-243,-222,-228,-170,-158,-149,-180,-175,-224,-167,-174,572,30,108,122,120,0,97,97,97,100,114,0,37,0,103,15,17,0,44,0,38,0,0,0,0,0,0,-247,-240,-215,0,-29954,-7428,-7528,-29945,-7760,-6851,-7771,-12850,-5614,-5093,-29979,-29980,-29988,-29989]} 1. e4 Nf6 2. e5 Nd5 3. d4 Nb6 4. Nf3 d5 5. Bd3 Bg4 6. h3 {B03: Alekhine's Defence: Four Pawns Attack.} Bxf3 7. Qxf3 e6 8. O-O {White is slightly better.} c5 9. c3 {is the legacy move (9.dxc5).} Nc6 10. Be3 a6 {[#]} 11. a3 $146 {[%mdl 2048] White has some pressure.} ({Predecessor:} 11. Nd2 cxd4 12. cxd4 Nb4 13. Be2 Be7 14. Qg4 g6 15. Bh6 Bf8 16. Bxf8 Kxf8 17. Nf3 {1-0 (56) Ondrus,M (2320)-Vokoun,J (2214) Czechia 2015}) 11... cxd4 12. cxd4 Na5 (12... g6 $14) 13. Nd2 $16 g6 14. b4 Nc6 15. Qg3 Bg7 16. h4 h5 17. f4 ({White should play} 17. Nb3 $16) 17... Ne7 18. Rae1 (18. f5 $14 Nxf5 19. Bxf5 exf5 20. Rxf5 {[%mdl 64] Pin}) 18... Qd7 19. Nb3 Nc4 20. Nc5 Qc8 21. f5 (21. Nxe6 $11 fxe6 22. Bxg6+ Kf8 23. f5 exf5 24. Qg5) 21... exf5 (21... Nxe3 $15 {stays ahead.} 22. Rxe3 (22. Qxe3 Nxf5 23. Qf3 b6 $15) 22... exf5) 22. Bxc4 dxc4 23. e6 O-O (23... fxe6 $2 24. d5 $1 $18 {[%mdl 512]}) 24. exf7+ (24. Qd6 $16) 24... Rxf7 $11 25. Kh1 $2 (25. Bf4 $1 $11) 25... b6 $1 $19 26. Na4 Qb7 27. Bg5 f4 (27... Bxd4 28. Qd6 $16) 28. Rxf4 Nf5 29. Qf2 Qc6 30. Nc3 Rd8 $4 {[%mdl 8192]} (30... Re8 $19 {avoids the disaster.} 31. Rxe8+ Qxe8) 31. d5 $2 (31. Bxd8 $18 b5 32. Bg5) 31... Qc7 (31... Qd7 $11 32. Qxb6 (32. Bxd8 Bxc3 33. Re6 Qxd8 $14) 32... Bxc3 33. Qxg6+ {[%mdl 64] Double Attack} Ng7 34. Rxf7 Qxf7 35. Qxf7+ Kxf7 36. Rf1+ Ke8 37. Bxd8 Kxd8) 32. Bxd8 $16 Qxd8 33. Ne4 ({White has to play} 33. Rxc4 $16 Nd6 34. Rf4 Bxc3 35. Re6) 33... Qxd5 (33... Bd4 $11 {remains equal.} 34. Qd2 Be5) 34. Ng5 $1 {[%cal Rg5f7]} (34. Qxb6 Ng3+ 35. Nxg3 Rxf4 $17) 34... Rf8 35. Ne6 ({Of course not} 35. Qxb6 $6 Ng3+ 36. Kh2 Rxf4 $11) 35... Rf7 {Threatening ...Bc3.} 36. Ng5 (36. Nxg7 $16 Kxg7 37. Qb2+ Kh7 38. Re8) 36... Rf8 $1 $14 37. Ne6 (37. Re6 $5 {[%cal Re6g6]} c3 38. Rxg6 $16) 37... Rf6 (37... Rf7 $1 $11 {keeps the balance.}) 38. Nxg7 (38. Nd4 $16) 38... Kxg7 $11 39. Re7+ Kh6 40. Re1 {Strongly threatening Qb2.} Qd6 {White must now prevent ...Ng3+!} 41. Rf1 (41. Kg1 $5 {[%cal Rf4c4]}) 41... b5 42. g3 Qd3 43. Kh2 Re6 {...Re2 is the strong threat.} 44. Re1 $2 (44. Rf3 $11 Qd7 45. Qc5) 44... Rxe1 $19 45. Qxe1 {[%mdl 4096] Endgame KQR-KQN} c3 $2 {[#]} ({And not} 45... Qxa3 46. Rxf5 $1 {[%mdl 512]} gxf5 47. Qe6+ Kg7 48. Qe7+ Kg8 49. Qe8+ Kh7 50. Qe7+ Kh8 51. Qf8+ Kh7 52. Qxf5+ Kh8 53. Qe5+ Kh7 54. Qxh5+ Kg7 55. Qe5+ Kf7 56. Qf5+ Ke8 57. Qe6+ Kd8 58. Qd6+ Ke8 59. h5 $11) (45... Ne3 $1 $19 46. Rf2 Ng4+ {[%mdl 64] Double Attack} 47. Kg2 Nxf2 48. Qxf2 Qd5+ 49. Kg1 Qe5 50. Qf8+ Kh7 51. Qf7+ Qg7) 46. Rf2 $2 {[%mdl 8192]} (46. Rxf5 $1 $11 {[%mdl 512]} gxf5 (46... Qxf5 47. Qxc3) 47. Qe6+ {[%mdl 64] Double Attack} Kh7 48. Qf7+ Kh6 49. Qf6+ Kh7 50. Qf7+ Kh6 51. Qf6+ Kh7 52. Qf7+) 46... Qxg3+ {[%mdl 64] Double Attack} 47. Kh1 Qxh4+ 48. Kg1 Qg5+ 49. Rg2 Qe3+ 50. Qxe3+ Nxe3 51. Re2 c2 52. Re1 Nd1 {What a fight! Accuracy: White = 53%, Black = 62%.} 0-1

[Event "HUN-ch Rapid 2020"]
[Site "Ajka"]
[Date "2020.07.19"]
[Round "12.1"]
[White "Erdos, Viktor"]
[Black "Berkes, Ferenc"]
[Result "1/2-1/2"]
[WhiteElo "2618"]
[BlackElo "2661"]
[Annotator "TA"]
[PlyCount "31"]
[EventDate "2020.07.17"]
[EventType "rapid"]
[EventCountry "HUN"]
[SourceTitle "playchess.com"]
[Source "ChessBase"]
[SourceQuality "1"]

{[%evp 14,16,14,16,21]} 1. d4 Nf6 2. c4 e6 3. Nf3 d5 4. Nc3 Be7 5. Bg5 Nbd7 6. e3 h6 7. Bh4 O-O 8. Rc1 c5 {[#] Not much happened in this game. D63: Queen's Gambit Declined: Classical: 7 Rc1.} {Predecessor:} 9. cxd5 $146 Nxd5 10. Bxe7 Nxe7 11. Be2 cxd4 12. Nxd4 Nf6 13. O-O Bd7 14. Bf3 Qb6 15. Qb3 Qxb3 16. Nxb3 {½-½ (44) Kuzubov,Y (2643)-Eljanov,P (2672) chess.com INT 2020} 1/2-1/2